Assistant engineers (CE, ME, EE) engineering technical servi (Record no. 188101)
[ view plain ]
| 000 -LEADER | |
|---|---|
| fixed length control field | 00368nam a2200121Ia 4500 |
| 008 - FIXED-LENGTH DATA ELEMENTS--GENERAL INFORMATION | |
| fixed length control field | 220217s9999||||xx |||||||||||||| ||und|| |
| 020 ## - INTERNATIONAL STANDARD BOOK NUMBER | |
| International Standard Book Number | 9788174784384 |
| 100 ## - MAIN ENTRY--PERSONAL NAME | |
| Personal name | Subbaraj, V.V.K |
| 9 (RLIN) | 10070 |
| 245 #0 - TITLE STATEMENT | |
| Title | Assistant engineers (CE, ME, EE) engineering technical servi |
| 260 ## - PUBLICATION, DISTRIBUTION, ETC. | |
| Place of publication, distribution, etc. | Sura publications |
| Name of publisher, distributor, etc. | Chennai |
| Date of publication, distribution, etc. | 2018 |
| 300 ## - PHYSICAL DESCRIPTION | |
| Extent | 625p. |
| Other physical details | 480 |
| 650 ## - SUBJECT ADDED ENTRY--TOPICAL TERM | |
| Topical term or geographic name entry element | GENERAL BOOKS |
| Withdrawn status | Lost status | Damaged status | Not for loan | Collection code | Home library | Current library | Shelving location | Date acquired | Total Checkouts | Full call number | Barcode | Date last seen | Date last checked out | Price effective from | Koha item type |
|---|---|---|---|---|---|---|---|---|---|---|---|---|---|---|---|
| Humanity Science | Central Library | Central Library | Book Cart | 02/18/2022 | 1 | 001 SUB | 23290 | 05/07/2022 | 03/24/2022 | 02/18/2022 | Books |